श्रीस्थानक ठाणे (Record no. 1264039)

MARC details
000 -LEADER
fixed length control field 00637nam a2200193Ia 4500
008 - FIXED-LENGTH DATA ELEMENTS--GENERAL INFORMATION
fixed length control field 151121s9999||||xx |||||||||||||| ||und||
082 ## - DEWEY DECIMAL CLASSIFICATION NUMBER
Classification number 910/शेजव
082 ## - DEWEY DECIMAL CLASSIFICATION NUMBER
Item number HNW-115310
100 ## - MAIN ENTRY--PERSONAL NAME
Personal name शेजवळ हरिभाऊ
245 ## - TITLE STATEMENT
Title श्रीस्थानक ठाणे
260 ## - PUBLICATION, DISTRIBUTION, ETC. (IMPRINT)
Name of publisher, distributor, etc "नवता प्रकाशन, पुणे।"
260 ## - PUBLICATION, DISTRIBUTION, ETC. (IMPRINT)
Date of publication, distribution, etc 2014
300 ## - PHYSICAL DESCRIPTION
Extent 342
600 ## - SUBJECT ADDED ENTRY--PERSONAL NAME
Personal name शेजवळ हरिभाऊ
630 ## - SUBJECT ADDED ENTRY--UNIFORM TITLE
Uniform title श्रीस्थानक ठाणे
700 ## - ADDED ENTRY--PERSONAL NAME
Personal name शेजवळ हरिभाऊ
730 ## - ADDED ENTRY--UNIFORM TITLE
Uniform title श्रीस्थानक ठाणे
942 ## - ADDED ENTRY ELEMENTS (KOHA)
Koha item type Book
Holdings
Withdrawn status Lost status Damaged status Not for loan Home library Current library Date acquired Cost, normal purchase price Total Checkouts Full call number Barcode Date last seen Cost, replacement price Price effective from Koha item type
        Hirachand Nemchand Wachanalaya, Solapur Hirachand Nemchand Wachanalaya, Solapur 07/21/2014 600.00   HNW-115310 HNW-115310 11/21/2015 600.00 11/21/2015 Book